[Event "DEN-chT 1415 53rd"]
[Site "Denmark"]
[Date "2015.01.11"]
[Round "5.4"]
[White "Hartvig, Ove Weiss"]
[Black "Jaksland, Tim"]
[Result "0-1"]
[WhiteElo "2199"]
[BlackElo "2277"]
[PlyCount "84"]
[EventDate "2014.10.25"]
[EventType "team-tourn"]
[EventRounds "9"]
[EventCountry "DEN"]
[SourceTitle "EXT 2016"]
[Source "ChessBase"]
[SourceDate "2015.10.08"]
[SourceVersion "1"]
[SourceVersionDate "2015.10.08"]
[SourceQuality "1"]
[WhiteTeam "Esbjerg"]
[BlackTeam "Hillerod"]
[WhiteTeamCountry "DEN"]
[BlackTeamCountry "DEN"]

1. e4 c5 2. Nf3 d6 3. d4 cxd4 4. Nxd4 Nf6 5. Nc3 a6 6. h3 e5 7. Nde2 h5 8. Bg5 Be6 9. f4 Be7 10. fxe5 dxe5 11. Qxd8+ Bxd8 12. 0-0-0 Nbd7 13. Ng3 g6 14. Bd3 Rc8 15. Rhf1 Be7 16. Rf3 h4 17. Nge2 Rh5 18. Be3 Bc5 19. Bd2 Kf8 20. Rdf1 Kg7 21. a3 Be7 22. Nd1 Nc5 23. Nec3 Nfd7 24. Be2 Rhh8 25. b4 Nxe4 26. Nxe4 f5 27. Ng5 Bd5 28. Rd3 Nb6 29. Nf3 e4 30. Bc3+ Bf6 31. Bxf6+ Kxf6 32. Rc3 exf3 33. Bxf3 Rhe8 34. Rxc8 Rxc8 35. Ne3 Bxf3 36. Rxf3 Ke5 37. Kb2 Ke4 38. Kb3 Rd8 39. Nf1 Rd1 40. Re3+ Kd5 41. Nh2 Nc4 42. Re2 Ra1 0-1

[Event "DEN-chT 1415 53rd"]
[Site "Denmark"]
[Date "2015.01.10"]
[Round "4.4"]
[White "Semcesen, Daniel"]
[Black "Hartvig, Ove Weiss"]
[Result "1-0"]
[WhiteElo "2474"]
[BlackElo "2196"]
[PlyCount "87"]
[EventDate "2014.10.25"]
[EventType "team-tourn"]
[EventRounds "9"]
[EventCountry "DEN"]
[SourceTitle "EXT 2016"]
[Source "ChessBase"]
[SourceDate "2015.10.08"]
[SourceVersion "1"]
[SourceVersionDate "2015.10.08"]
[SourceQuality "1"]
[WhiteTeam "Skanderborg Nordea"]
[BlackTeam "Esbjerg"]
[WhiteTeamCountry "DEN"]
[BlackTeamCountry "DEN"]

1. d4 Nf6 2. c4 c5 3. d5 d6 4. Nc3 g6 5. e4 Bg7 6. h3 0-0 7. Nf3 Na6 8. Bd3 Nc7 9. a4 Na6 10. 0-0 Nb4 11. Be2 e5 12. dxe6 fxe6 13. Bg5 Nc6 14. Re1 e5 15. Nd5 Be6 16. Ra3 Qd7 17. Bf1 Nd4 18. Nxd4 exd4 19. Rf3 Nh5 20. Be2 Bxd5 21. exd5 Rf5 22. Rxf5 Qxf5 23. Qd2 Nf6 24. Bd3 Qd7 25. Re6 Rf8 26. b3 Kh8 27. Qe2 Ng8 28. h4 Bf6 29. Bf4 Bxh4 30. Rxd6 Qf7 31. g3 Bf6 32. Re6 b6 33. Kg2 Rd8 34. Qe4 Bg7 35. Bg5 Rf8 36. Qf4 Nf6 37. Kg1 Nh5 38. Qxf7 Rxf7 39. Re8+ Bf8 40. Bh6 Kg8 41. Ra8 Ng7 42. d6 Nf5 43. d7 Rxd7 44. Rxf8# 1-0

[Event "DEN-chT 1415 53rd"]
[Site "Denmark"]
[Date "2014.10.26"]
[Round "2.4"]
[White "Hartvig, Ove Weiss"]
[Black "Matthiesen, Martin"]
[Result "1/2-1/2"]
[WhiteElo "2199"]
[BlackElo "2260"]
[PlyCount "89"]
[EventDate "2014.10.25"]
[EventType "team-tourn"]
[EventRounds "9"]
[EventCountry "DEN"]
[SourceTitle "EXT 2016"]
[Source "ChessBase"]
[SourceDate "2015.10.08"]
[SourceVersion "1"]
[SourceVersionDate "2015.10.08"]
[SourceQuality "1"]
[WhiteTeam "Esbjerg"]
[BlackTeam "Copenhagen 68"]
[WhiteTeamCountry "DEN"]
[BlackTeamCountry "DEN"]

1. e4 c5 2. Nc3 d6 3. g3 Nc6 4. Bg2 g6 5. d3 Bg7 6. f4 e6 7. Nf3 Nge7 8. 0-0 0-0 9. Be3 Nd4 10. e5 Bd7 11. exd6 Nef5 12. Bf2 Nxd6 13. Ne4 Nxe4 14. dxe4 Qb6 15. c3 Nxf3+ 16. Bxf3 Bb5 17. Re1 Rfd8 18. Qc2 e5 19. Rad1 exf4 20. gxf4 Qf6 21. Bg3 Qa6 22. e5 Bc6 23. Rxd8+ Rxd8 24. Rd1 Rxd1+ 25. Qxd1 Bxf3 26. Qxf3 Qxa2 27. Qxb7 h5 28. Bf2 Bh6 29. Bxc5 Bxf4 30. Qb8+ Kg7 31. Bd4 Qb1+ 32. Kf2 Qc2+ 33. Kf3 Qf5 34. Ke2 Qc2+ 35. Kf3 Qf5 36. Ke2 Kh6 37. h4 Qg4+ 38. Kd3 Qxh4 39. Qf8+ Kg5 40. Qxf7 Qg3+ 41. Kc4 Bxe5 42. Qe7+ Kf5 43. Qf7+ Kg5 44. Qe7+ Kf5 45. Qf7+ 1/2-1/2

[Event "DEN-ch cand"]
[Site "Helsingor"]
[Date "2012.04.03"]
[Round "1"]
[White "Haubro, Martin"]
[Black "Hartvig, Ove Weiss"]
[Result "1/2-1/2"]
[WhiteElo "2042"]
[BlackElo "2215"]
[PlyCount "46"]
[EventDate "2012.04.03"]
[EventType "swiss"]
[EventRounds "7"]
[EventCountry "DEN"]
[SourceTitle "EXT 2018"]
[Source "ChessBase"]
[SourceDate "2017.10.13"]
[SourceVersion "1"]
[SourceVersionDate "2017.10.13"]
[SourceQuality "1"]

1. d4 Nf6 2. c4 c5 3. d5 d6 4. Nc3 g6 5. e4 Bg7 6. Bd3 0-0 7. Nge2 Na6 8. 0-0 Nc7 9. f4 a6 10. a4 b6 11. Kh1 Rb8 12. Ng3 Bd7 13. Qe2 Rb7 14. h3 Qb8 15. e5 Nfe8 16. exd6 exd6 17. f5 b5 18. Qe7 Bf6 19. Qxd7 Na8 20. Qc6 Rb6 21. Qd7 Rb7 22. Qc6 Rb6 23. Qd7 Rb7 1/2-1/2

[Event "Queenstown op"]
[Site "Queenstown"]
[Date "2012.01.21"]
[Round "7"]
[White "King, Mathew"]
[Black "Hartvig, Ove Weiss"]
[Result "0-1"]
[WhiteElo "1961"]
[BlackElo "2210"]
[PlyCount "108"]
[EventDate "2012.01.15"]
[EventType "swiss"]
[EventRounds "9"]
[EventCountry "NZL"]
[SourceTitle "CBM 146 Extra"]
[Source "ChessBase"]
[SourceDate "2012.02.29"]
[SourceVersion "1"]
[SourceVersionDate "2012.02.29"]
[SourceQuality "1"]

1. c4 e5 2. g3 Nc6 3. Nc3 g6 4. Bg2 Bg7 5. e4 d6 6. Nge2 Be6 7. d3 Qd7 8. 0-0 h5 9. h4 Nge7 10. Nd5 f6 11. Be3 Nd8 12. Qd2 c6 13. Nxe7 Qxe7 14. Rac1 Qf7 15. b3 c5 16. f4 b6 17. f5 Bd7 18. Nc3 Bc6 19. Bh3 gxf5 20. Bxf5 Ne6 21. Bxe6 Qxe6 22. Rf5 0-0-0 23. Rcf1 Rdg8 24. Kh2 Qe8 25. Nd5 Bxd5 26. cxd5 Rh7 27. a4 Qg6 28. Qf2 a5 29. Qf3 Bh8 30. Kh3 Kb7 31. Bd2 Ka6 32. Be1 Qg4+ 33. Qxg4 hxg4+ 34. Kg2 Rb8 35. Bd2 b5 36. axb5+ Rxb5 37. Ra1 Rxb3 38. Bxa5 Kb5 39. Bd2 Rxd3 40. Rf2 c4 41. Ra5+ Kb6 42. Ra8 Bg7 43. Rc8 f5 44. exf5 e4 45. Rxc4 Be5 46. Bf4 e3 47. Bxe3+ Rxe3 48. Rxg4 Kc5 49. f6 Rf7 50. Rg7 Rxg7 51. fxg7 Rxg3+ 52. Kf1 Rxg7 53. h5 Rg5 54. Ke2 Rxh5 0-1

[Event "Queenstown op"]
[Site "Queenstown"]
[Date "2012.01.18"]
[Round "4"]
[White "Hartvig, Ove Weiss"]
[Black "Zelesco, Karl"]
[Result "0-1"]
[WhiteElo "2210"]
[BlackElo "1990"]
[PlyCount "74"]
[EventDate "2012.01.15"]
[EventType "swiss"]
[EventRounds "9"]
[EventCountry "NZL"]
[SourceTitle "CBM 146 Extra"]
[Source "ChessBase"]
[SourceDate "2012.02.29"]
[SourceVersion "1"]
[SourceVersionDate "2012.02.29"]
[SourceQuality "1"]

1. Nf3 d5 2. g3 Bg4 3. Bg2 Nd7 4. d3 c6 5. c4 e6 6. 0-0 Ngf6 7. b3 Be7 8. Bb2 0-0 9. Nbd2 a5 10. a3 Re8 11. Rc1 Bd6 12. Rc2 e5 13. cxd5 cxd5 14. Qa1 Qe7 15. h3 Bh5 16. Kh1 h6 17. Rcc1 Ra6 18. g4 Nxg4 19. hxg4 Bxg4 20. Rg1 e4 21. Bh3 exf3 22. Rxg4 Ne5 23. Rg3 Ng6 24. Rxf3 Qxe2 25. Rd1 Be5 26. Bxe5 Rxe5 27. Bf1 Rh5+ 28. Kg1 Qe7 29. Bg2 Re6 30. Nf1 Qh4 31. Ng3 Qh2+ 32. Kf1 Nh4 33. Qxg7+ Kxg7 34. Nxh5+ Kh8 35. Nf4 Nxf3 36. Nxe6 Qg1+ 37. Ke2 Qxg2 0-1

[Event "Politiken Cup 33rd"]
[Site "Helsingor"]
[Date "2011.08.01"]
[Round "4"]
[White "Haubro, Martin"]
[Black "Hartvig, Ove Weiss"]
[Result "0-1"]
[WhiteElo "2040"]
[BlackElo "2220"]
[PlyCount "88"]
[EventDate "2011.07.30"]
[EventType "swiss"]
[EventRounds "10"]
[EventCountry "DEN"]
[SourceTitle "CBM 143 Extra"]
[Source "ChessBase"]
[SourceDate "2011.08.29"]
[SourceVersion "1"]
[SourceVersionDate "2011.08.29"]
[SourceQuality "1"]

1. d4 c5 2. d5 Nf6 3. c4 b5 4. cxb5 a6 5. bxa6 g6 6. Nc3 Bxa6 7. Nf3 d6 8. g3 Nbd7 9. Bg2 Bg7 10. Rb1 Qa5 11. 0-0 0-0 12. Bd2 Qc7 13. Re1 Nb6 14. e4 Nfd7 15. b3 Rfc8 16. a4 Ne5 17. Nxe5 Bxe5 18. Qc2 Rab8 19. Bf1 Qb7 20. Nb5 Na8 21. Ba5 Bg7 22. Rbd1 Nb6 23. f4 Nd7 24. Bc4 Bxb5 25. Bxb5 Qa7 26. Bd2 Nf6 27. Qc4 Ng4 28. h3 Bd4+ 29. Kg2 Nf6 30. e5 Ne8 31. e6 f5 32. g4 Nf6 33. gxf5 gxf5 34. Be3 Bxe3 35. Rxe3 Ne4 36. Kh2 Qa5 37. Rg1+ Kh8 38. Rxe4 fxe4 39. Qxe4 Rg8 40. Bd3 Qd2+ 41. Be2 Rxg1 42. Kxg1 Qe1+ 43. Kh2 Rxb3 44. Qc2 Qf2+ 0-1

[Event "Politiken Cup 33rd"]
[Site "Helsingor"]
[Date "2011.07.31"]
[Round "3"]
[White "Hartvig, Ove Weiss"]
[Black "Blomqvist, Erik"]
[Result "0-1"]
[WhiteElo "2220"]
[BlackElo "2438"]
[PlyCount "84"]
[EventDate "2011.07.30"]
[EventType "swiss"]
[EventRounds "10"]
[EventCountry "DEN"]
[SourceTitle "CBM 143 Extra"]
[Source "ChessBase"]
[SourceDate "2011.08.29"]
[SourceVersion "1"]
[SourceVersionDate "2011.08.29"]
[SourceQuality "1"]

1. e4 c5 2. Nf3 e6 3. d4 cxd4 4. Nxd4 a6 5. Nc3 Qc7 6. g3 Bb4 7. Nde2 Nf6 8. Bg2 Be7 9. 0-0 Nc6 10. h3 d6 11. Be3 b5 12. a3 Bb7 13. f4 0-0 14. Qe1 Rfe8 15. Qf2 Rac8 16. g4 Nd7 17. g5 Bf8 18. Nd4 Na5 19. Nce2 Nc4 20. Bc1 Nc5 21. Ng3 e5 22. fxe5 dxe5 23. Ndf5 Ne6 24. Kh1 Nf4 25. b3 Nd6 26. Nxd6 Bxd6 27. Nf5 Bf8 28. Bxf4 exf4 29. Qxf4 Qxf4 30. Rxf4 Rxc2 31. Raf1 Rc3 32. a4 b4 33. Nd4 Rc7 34. h4 Bd6 35. Rg4 g6 36. h5 Bc8 37. Rh4 Bg3 38. Rhf4 Bxf4 39. Rxf4 gxh5 40. Nf5 Re5 41. Bf3 Bxf5 42. exf5 Rc2 0-1

[Event "DEN-ch cand"]
[Site "Odense"]
[Date "2011.04.25"]
[Round "7"]
[White "Jorgensen, Brian Jorgen"]
[Black "Hartvig, Ove Weiss"]
[Result "0-1"]
[WhiteElo "2292"]
[BlackElo "2226"]
[PlyCount "82"]
[EventDate "2011.04.19"]
[EventType "swiss"]
[EventRounds "7"]
[EventCountry "DEN"]
[SourceTitle "EXT 2018"]
[Source "ChessBase"]
[SourceDate "2017.10.13"]
[SourceVersion "1"]
[SourceVersionDate "2017.10.13"]
[SourceQuality "1"]

1. d4 f5 2. Nf3 Nf6 3. g3 g6 4. b3 Bg7 5. Bb2 0-0 6. Bg2 d6 7. Nbd2 h6 8. 0-0 Nbd7 9. Nh4 Qe8 10. e4 e6 11. d5 Nc5 12. dxe6 Nfxe4 13. Bxg7 Kxg7 14. Nxe4 Nxe4 15. Qd4+ Rf6 16. g4 Qxe6 17. gxf5 gxf5 18. f3 Ng5 19. Rae1 Qf7 20. f4 Ne6 21. Qc3 Qh5 22. Qg3+ Kh8 23. Bf3 Qf7 24. Kh1 Nd4 25. Bg2 Be6 26. c3 Rg8 27. Qd3 Nc6 28. c4 Rg4 29. Nf3 Qg7 30. Bh3 Rxf4 31. Rg1 Qf7 32. Nd2 Rd4 33. Qe2 Ne5 34. Nf3 Re4 35. Qf2 Nd3 36. Qd2 Nxe1 37. Nxe1 Rg6 38. Bg2 Qg7 39. Rf1 Reg4 40. h3 Rg3 41. Rf2 Rxh3+ 0-1

[Event "DEN-ch cand"]
[Site "Odense"]
[Date "2011.04.24"]
[Round "6"]
[White "Hartvig, Ove Weiss"]
[Black "Haubro, Martin"]
[Result "1-0"]
[WhiteElo "2226"]
[BlackElo "1994"]
[PlyCount "59"]
[EventDate "2011.04.19"]
[EventType "swiss"]
[EventRounds "7"]
[EventCountry "DEN"]
[SourceTitle "EXT 2018"]
[Source "ChessBase"]
[SourceDate "2017.10.13"]
[SourceVersion "1"]
[SourceVersionDate "2017.10.13"]
[SourceQuality "1"]

1. e4 c5 2. Nf3 d6 3. d4 cxd4 4. Nxd4 Nf6 5. Nc3 a6 6. g3 b5 7. Bg2 Bb7 8. 0-0 e6 9. Re1 Qc7 10. a4 bxa4 11. Nd5 exd5 12. exd5+ Kd8 13. Bg5 Nbd7 14. Qe2 Kc8 15. Ra3 Kb8 16. Rxa4 Nb6 17. Bxf6 gxf6 18. Qe8+ Qc8 19. Qxf7 Qc7 20. Re8+ Bc8 21. Nc6+ Kb7 22. Nd8+ Kb8 23. Rb4 Ra7 24. Qh5 Bg7 25. Nc6+ Kb7 26. Re7 Bd7 27. Rxg7 Raa8 28. Bh3 Kc8 29. Rxb6 Qxb6 30. Rxd7 1-0

[Event "DEN-ch cand"]
[Site "Odense"]
[Date "2011.04.21"]
[Round "3"]
[White "Aabling Thomsen, Jakob"]
[Black "Hartvig, Ove Weiss"]
[Result "1-0"]
[WhiteElo "2326"]
[BlackElo "2226"]
[PlyCount "113"]
[EventDate "2011.04.19"]
[EventType "swiss"]
[EventRounds "7"]
[EventCountry "DEN"]
[SourceTitle "EXT 2018"]
[Source "ChessBase"]
[SourceDate "2017.10.13"]
[SourceVersion "1"]
[SourceVersionDate "2017.10.13"]
[SourceQuality "1"]

1. e4 c6 2. d4 d5 3. Nc3 g6 4. Be3 Bg7 5. f3 b6 6. Qd2 Ba6 7. Nge2 e6 8. 0-0-0 Nd7 9. g4 h6 10. Bg2 Ndf6 11. h3 Qd7 12. e5 Nh7 13. Ng3 0-0-0 14. h4 Qc7 15. f4 Nf8 16. h5 Nd7 17. hxg6 fxg6 18. f5 c5 19. fxe6 Nxe5 20. Nxd5 Rxd5 21. Bxd5 cxd4 22. Bf2 Ne7 23. Bg2 Nc4 24. Qe1 d3 25. c3 Qf4+ 26. Kb1 Nxb2 27. Ne4 Nxd1 28. Qxd1 Nd5 29. Qa4 Nxc3+ 30. Nxc3 Qxa4 31. Nxa4 d2 32. Kc2 Bc4 33. Kxd2 Rd8+ 34. Kc1 Bxe6 35. Be4 Bd7 36. Bc2 Bxg4 37. Bxg6 Rf8 38. Be3 Rf6 39. Bc2 Rc6 40. Kb1 h5 41. Bg5 Rc4 42. Nb2 Rb4 43. Bc1 Kd7 44. a3 Rd4 45. Nd3 Rd6 46. Rf1 Rf6 47. Ne5+ Kc7 48. Rg1 Bf8 49. Nxg4 hxg4 50. Rxg4 Rf1 51. Rc4+ Kd8 52. Bd3 Rf3 53. Rd4+ Ke7 54. Kc2 Ke6 55. Bc4+ Ke5 56. Bb2 Kf5 57. Rd7 1-0

[Event "Gibraltar Masters 8th"]
[Site "Caleta"]
[Date "2010.02.02"]
[Round "8"]
[White "Seitz, Benjamin"]
[Black "Hartvig, Ove Weiss"]
[Result "1-0"]
[WhiteElo "2017"]
[BlackElo "2245"]
[PlyCount "75"]
[EventDate "2010.01.26"]
[EventType "swiss"]
[EventRounds "10"]
[EventCountry "GGB"]
[SourceTitle "CBM 134 Extra"]
[Source "ChessBase"]
[SourceDate "2010.03.03"]
[SourceVersion "1"]
[SourceVersionDate "2010.03.03"]
[SourceQuality "1"]

1. d4 c5 2. c3 Nf6 3. Nf3 e6 4. e3 Nc6 5. Nbd2 b6 6. Bd3 Be7 7. 0-0 Bb7 8. a3 0-0 9. e4 d6 10. b4 Qc7 11. Bb2 Nd7 12. Qe2 Bf6 13. b5 Ne7 14. Rad1 g6 15. Rfe1 Bg7 16. Nf1 d5 17. e5 c4 18. Bb1 a6 19. bxa6 Rxa6 20. h4 Bc6 21. g4 Nb8 22. Ng3 Bd7 23. Qf1 Nbc6 24. Qh3 Na7 25. h5 Nb5 26. Ng5 h6 27. Nxf7 Rxf7 28. hxg6 Rf3 29. Kg2 Rxg3+ 30. fxg3 Nxa3 31. Bxa3 Rxa3 32. g5 Nf5 33. Bxf5 exf5 34. gxh6 f4 35. e6 f3+ 36. Kf1 Be8 37. e7 f2 38. Re2 1-0

[Event "Gibraltar Masters 8th"]
[Site "Caleta"]
[Date "2010.01.31"]
[Round "6"]
[White "Lemos, Damian"]
[Black "Hartvig, Ove Weiss"]
[Result "1-0"]
[WhiteElo "2556"]
[BlackElo "2245"]
[PlyCount "65"]
[EventDate "2010.01.26"]
[EventType "swiss"]
[EventRounds "10"]
[EventCountry "GGB"]
[SourceTitle "CBM 134 Extra"]
[Source "ChessBase"]
[SourceDate "2010.03.03"]
[SourceVersion "1"]
[SourceVersionDate "2010.03.03"]
[SourceQuality "1"]

1. d4 Nf6 2. c4 c5 3. d5 b5 4. cxb5 a6 5. bxa6 g6 6. Nc3 Bxa6 7. Nf3 d6 8. g3 Bg7 9. Bg2 Nbd7 10. Rb1 Qa5 11. Bd2 Nb6 12. b3 Qa3 13. 0-0 0-0 14. Ne1 Bb7 15. Nc2 Qa7 16. e4 Ba6 17. Re1 Nfd7 18. Bf1 Ne5 19. a4 Bxf1 20. Rxf1 c4 21. Be3 Qc7 22. Nb5 Qd8 23. f4 cxb3 24. fxe5 bxc2 25. Qxc2 Rc8 26. Qb3 Nc4 27. Na7 Nxe3 28. Qxe3 Rc2 29. Nc6 Qd7 30. e6 fxe6 31. Rxf8+ Bxf8 32. Rb8 Kg7 33. Qf4 1-0

[Event "Gibraltar Masters 8th"]
[Site "Caleta"]
[Date "2010.01.26"]
[Round "1"]
[White "Hartvig, Ove Weiss"]
[Black "Cramling, Pia"]
[Result "1/2-1/2"]
[WhiteElo "2245"]
[BlackElo "2528"]
[PlyCount "144"]
[EventDate "2010.01.26"]
[EventType "swiss"]
[EventRounds "10"]
[EventCountry "GGB"]
[SourceTitle "CBM 134 Extra"]
[Source "ChessBase"]
[SourceDate "2010.03.03"]
[SourceVersion "1"]
[SourceVersionDate "2010.03.03"]
[SourceQuality "1"]

1. e4 c5 2. Nf3 e6 3. d4 cxd4 4. Nxd4 a6 5. Nc3 b5 6. Be3 Bb7 7. f3 Nc6 8. Qd2 Rc8 9. Nxc6 dxc6 10. 0-0-0 Qxd2+ 11. Rxd2 e5 12. g3 Ra8 13. Bb6 Be7 14. Bc7 f6 15. Bh3 Bc8 16. Bxc8 Rxc8 17. Bd6 Rd8 18. Rhd1 Nh6 19. Bxe7 Rxd2 20. Kxd2 Kxe7 21. Ke3 Nf7 22. a4 b4 23. Na2 Rb8 24. Nc1 Nd6 25. b3 Rc8 26. f4 Ke6 27. c4 bxc3 28. Rd3 f5 29. exf5+ Nxf5+ 30. Ke4 Nd6+ 31. Ke3 e4 32. Rxc3 Kd5 33. Ne2 Nf5+ 34. Kd2 a5 35. g4 Nd6 36. Rh3 e3+ 37. Rxe3 Ne4+ 38. Kc2 Nf6 39. Nc3+ Kd6 40. Ne4+ Nxe4 41. Rxe4 h5 42. h3 hxg4 43. hxg4 Rh8 44. f5 c5 45. Re6+ Kd5 46. Rg6 Rh7 47. Kc3 Rh3+ 48. Kb2 Rh2+ 49. Ka3 Rh7 50. g5 c4 51. bxc4+ Kxc4 52. Rc6+ Kd4 53. Rc7 Rh3+ 54. Kb2 Rf3 55. Rxg7 Rxf5 56. g6 Rg5 57. Rb7 Rg2+ 58. Ka3 Rxg6 59. Rb5 Rg3+ 60. Rb3 Rg5 61. Rb5 Rxb5 62. axb5 Kc5 63. b6 Kxb6 64. Ka4 Ka6 65. Ka3 Kb5 66. Kb3 a4+ 67. Ka3 Ka5 68. Kb2 Kb4 69. Ka2 a3 70. Ka1 Kb3 71. Kb1 a2+ 72. Ka1 Ka3 1/2-1/2

[Event "Gibraltar Masters 7th"]
[Site "Gibraltar"]
[Date "2009.02.04"]
[Round "9"]
[White "Hartvig, Ove Weiss"]
[Black "Calzetta Ruiz, Monica"]
[Result "0-1"]
[WhiteElo "2237"]
[BlackElo "2371"]
[PlyCount "98"]
[EventDate "2009.01.27"]
[EventType "swiss"]
[EventRounds "10"]
[EventCountry "ENG"]
[SourceTitle "CBM 128 Extra"]
[Source "ChessBase"]
[SourceDate "2009.03.05"]
[SourceVersion "2"]
[SourceVersionDate "2009.03.25"]
[SourceQuality "1"]

1. e4 c5 2. Nf3 Nc6 3. d4 cxd4 4. Nxd4 g6 5. Nc3 Bg7 6. Be3 Nf6 7. f3 0-0 8. Bc4 Qb6 9. a3 Ng4 10. fxg4 Bxd4 11. Nd5 Qc5 12. Qd3 Bxe3 13. Nxe3 Ne5 14. Qc3 Nxc4 15. Nd5 b5 16. b3 Bb7 17. bxc4 Bxd5 18. exd5 Rac8 19. 0-0-0 Qxc4 20. Qxc4 Rxc4 21. Rd2 Rfc8 22. h3 b4 23. axb4 Rxb4 24. Re1 Rcb8 25. Rd3 Rb1+ 26. Kd2 Rxe1 27. Kxe1 Rc8 28. Ra3 Rc5 29. c4 Rxc4 30. Rxa7 Re4+ 31. Kf2 d6 32. g5 Kg7 33. Kf3 Re5 34. h4 f5 35. g3 Kf7 36. Ra5 Re4 37. Ra8 Re5 38. Ra5 Re4 39. Ra8 Kg7 40. Ra7 h6 41. gxh6+ Kxh6 42. Rb7 Re5 43. Kf4 Kg7 44. g4 fxg4 45. Kxg4 Kf6 46. Rb5 e6 47. Rb8 Rxd5 48. Rf8+ Kg7 49. Rd8 Kf7 0-1

[Event "Gibraltar Masters 7th"]
[Site "Gibraltar"]
[Date "2009.02.01"]
[Round "6"]
[White "Al Sayed, Mohammed"]
[Black "Hartvig, Ove Weiss"]
[Result "1-0"]
[WhiteElo "2488"]
[BlackElo "2237"]
[PlyCount "31"]
[EventDate "2009.01.27"]
[EventType "swiss"]
[EventRounds "10"]
[EventCountry "ENG"]
[SourceTitle "CBM 128 Extra"]
[Source "ChessBase"]
[SourceDate "2009.03.05"]
[SourceVersion "2"]
[SourceVersionDate "2009.03.25"]
[SourceQuality "1"]

1. e4 c5 2. Nc3 d6 3. f4 Nc6 4. Nf3 g6 5. Bc4 Bg7 6. 0-0 e6 7. f5 Nf6 8. fxe6 Bxe6 9. Bxe6 fxe6 10. e5 Ng4 11. d4 cxd4 12. Ng5 Ncxe5 13. Nxe6 Qh4 14. Nxg7+ Kd7 15. Bf4 Rhf8 16. Qxd4 1-0

[Event "NZL-ch 115th"]
[Site "Auckland"]
[Date "2008.01.21"]
[Round "9"]
[White "Hartvig, Ove Weiss"]
[Black "Goodhue, Nathan"]
[Result "1-0"]
[WhiteElo "2233"]
[BlackElo "2083"]
[PlyCount "63"]
[EventDate "2008.01.15"]
[EventType "swiss"]
[EventRounds "11"]
[EventCountry "NZL"]
[SourceTitle "CBM 122 Extra"]
[Source "ChessBase"]
[SourceDate "2008.03.04"]
[SourceVersion "1"]
[SourceVersionDate "2008.03.04"]
[SourceQuality "1"]

1. e4 c6 2. d4 d5 3. e5 Bf5 4. Nf3 e6 5. Be2 c5 6. Be3 Qb6 7. Nc3 a6 8. 0-0 cxd4 9. Nxd4 Bg6 10. Nxe6 Qxe6 11. Nxd5 Qxe5 12. Bf4 Bxc2 13. Qe1 Qe4 14. Nc7+ Kd8 15. Qd2+ Nd7 16. Nxa8 Bb4 17. Qe3 Qxe3 18. Bxe3 Ba5 19. Rac1 Be4 20. Rfd1 Ke7 21. Bf4 Ngf6 22. Bd6+ Ke6 23. Nc7+ Kf5 24. f3 Bb6+ 25. Kf1 Bc6 26. g4+ Kg6 27. Bf4 Ne8 28. Nd5 Bb5 29. Bxb5 axb5 30. Ne7+ Kf6 31. Rxd7 Ke6 32. Rxb7 1-0

[Event "NZL-ch 115th"]
[Site "Auckland"]
[Date "2008.01.18"]
[Round "6"]
[White "Hartvig, Ove Weiss"]
[Black "Smith, Robert Wayne"]
[Result "0-1"]
[WhiteElo "2233"]
[BlackElo "2333"]
[PlyCount "28"]
[EventDate "2008.01.15"]
[EventType "swiss"]
[EventRounds "11"]
[EventCountry "NZL"]
[SourceTitle "CBM 122 Extra"]
[Source "ChessBase"]
[SourceDate "2008.03.04"]
[SourceVersion "1"]
[SourceVersionDate "2008.03.04"]
[SourceQuality "1"]

1. e4 c6 2. d4 d5 3. e5 Bf5 4. Nf3 e6 5. Be2 c5 6. Be3 Qb6 7. Nc3 a6 8. dxc5 Bxc5 9. Nd4 Ne7 10. Na4 Qa5+ 11. c3 Ba7 12. Nxf5 Nxf5 13. Bb6 Bxb6 14. b4 Bxf2+ 0-1

[Event "Baltic Sea Cup"]
[Site "Ronne"]
[Date "2007.08.01"]
[Round "4.24"]
[White "Hartvig, Ove Weiss"]
[Black "Rasmussen, Morten"]
[Result "1/2-1/2"]
[WhiteElo "2232"]
[BlackElo "1979"]
[PlyCount "51"]
[EventDate "2007.07.30"]
[EventType "swiss"]
[EventRounds "9"]
[EventCountry "DEN"]
[SourceTitle "EXT 2023"]
[Source "ChessBase"]
[SourceDate "2022.10.05"]
[SourceVersion "1"]
[SourceVersionDate "2022.10.05"]
[SourceQuality "1"]

1. e4 c6 2. d4 d5 3. e5 Bf5 4. Nf3 e6 5. Be2 c5 6. Be3 Qb6 7. Nc3 Qxb2 8. Qb1 Qxb1+ 9. Rxb1 c4 10. Rxb7 Nc6 11. Nb5 Rb8 12. Rxb8+ Nxb8 13. Nxa7 Bxc2 14. Kd2 Bg6 15. Nh4 Bb4+ 16. Kc1 Ba3+ 17. Kd2 Bb4+ 18. Kc1 Ba3+ 19. Kd1 Bb1 20. Nb5 Bb4 21. a3 Be7 22. Kd2 Ba2 23. Nf3 Bb3 24. Rb1 Nc6 25. Kc3 Nh6 26. Nd2 1/2-1/2

[Event "Baltic Sea Cup"]
[Site "Ronne"]
[Date "2007.08.01"]
[Round "3.26"]
[White "Schmitz, Manuela"]
[Black "Hartvig, Ove Weiss"]
[Result "0-1"]
[WhiteElo "2031"]
[BlackElo "2232"]
[PlyCount "56"]
[EventDate "2007.07.30"]
[EventType "swiss"]
[EventRounds "9"]
[EventCountry "DEN"]
[SourceTitle "EXT 2023"]
[Source "ChessBase"]
[SourceDate "2022.10.05"]
[SourceVersion "1"]
[SourceVersionDate "2022.10.05"]
[SourceQuality "1"]

1. d4 f5 2. Qd3 d5 3. g4 fxg4 4. h3 Nf6 5. hxg4 Bxg4 6. Qb5+ Nc6 7. Bh3 Bd7 8. c3 e6 9. Qxb7 Rb8 10. Qa6 Bd6 11. Nf3 Qe7 12. Na3 0-0 13. Rg1 Kh8 14. Qd3 e5 15. Nxe5 Bxe5 16. dxe5 Nxe5 17. Qe3 Bxh3 18. Qxh3 Ne4 19. Rh1 Nf3+ 20. Kf1 Nfg5 21. Bxg5 Rxf2+ 22. Ke1 Nxg5 23. Qd3 Rf3 24. Qc2 Re3 25. Kd1 Re8 26. Rh2 Qf6 27. Kd2 Qf4 28. Rah1 Rd3+ 0-1

[Event "North Sea Cup 22nd"]
[Site "Esbjerg"]
[Date "2007.07.18"]
[Round "8"]
[White "Brinck Claussen, Bjorn"]
[Black "Hartvig, Ove Weiss"]
[Result "1-0"]
[WhiteElo "2323"]
[BlackElo "2200"]
[PlyCount "59"]
[EventDate "2007.07.13"]
[EventType "swiss"]
[EventRounds "10"]
[EventCountry "DEN"]
[SourceTitle "CBM 119 Extra"]
[Source "ChessBase"]
[SourceDate "2007.09.04"]
[SourceVersion "1"]
[SourceVersionDate "2007.09.04"]
[SourceQuality "1"]

1. e4 c5 2. Nf3 d6 3. d4 cxd4 4. Nxd4 Nf6 5. Nc3 g6 6. Be3 Bg7 7. f3 0-0 8. Qd2 Nc6 9. h4 h5 10. Bc4 Bd7 11. 0-0-0 Rc8 12. Bb3 Ne5 13. Bh6 Bxh6 14. Qxh6 Rxc3 15. bxc3 Qa5 16. Kb1 Rc8 17. g4 Nc4 18. Bxc4 Rxc4 19. gxh5 Nxh5 20. Rhg1 Ng7 21. h5 Qxh5 22. Qe3 Qc5 23. Qh6 Rxc3 24. Rg5 Qb4+ 25. Nb3 Re3 26. Rgg1 Qb6 27. Rh1 Nh5 28. Rxh5 gxh5 29. Qxh5 Re2 30. Rh1 1-0